|
|
|
|
| LEADER |
00000nab#a22000007a#4500 |
| 001 |
arbauad023685 |
| 003 |
AR-BaUAD |
| 005 |
20250711112009.0 |
| 008 |
961126|||||||||###||||||b###|0###a|spa|| |
| 040 |
|
|
|a AR-BaUAD
|c AR-BaUAD
|b spa
|
| 100 |
|
|
|a Aldersey Williams, Hugh
|
| 245 |
|
|
|a LOndon Report: Graphic Design /
|c Hugh Aldersey Williams;
|
| 300 |
0 |
|
|b fot.
|
| 653 |
|
|
|a REINO UNIDO
|
| 653 |
|
|
|a INGLATERRA
|
| 653 |
|
|
|a LONDRES
|
| 653 |
|
|
|a 8VO
|
| 653 |
|
|
|a OLIVER, VAUGHAN
|
| 653 |
|
|
|a JOCKEYS, THUNDER
|
| 653 |
|
|
|a PUESTA EN PAGINA
|
| 653 |
|
|
|a TAPAS DE DISCOS
|
| 653 |
|
|
|a AFICHES
|
| 653 |
|
|
|a TIPOGRAFIA
|
| 653 |
|
|
|a DISEÑO GRAFICO
|
| 773 |
0 |
|
|t I.D.
|g [mar.-abr. 1989], p. 48-53
|
| 942 |
|
|
|c ARTI
|
| 952 |
|
|
|0 0
|1 0
|4 0
|7 0
|9 68604
|a AR-BAuAD
|b AR-BAuAD
|d 2025-07-11
|l 0
|p AAQA023685
|r 2025-07-11 11:20:09
|w 2025-07-11
|y ARTI
|
| 990 |
|
|
|a DI198
|b TD
|
| 998 |
|
|
|a AAQ
|b BIBUN76
|
| 999 |
|
|
|c 48277
|d 48277
|